El licenciado Vidriera y El coloquio de los perros /

Guardado en:
Autor Principal: Cervantes Saavedra, Miguel de.
Formato: Libro
Idioma:Spanish
Publicado: Zaragoza : Ebro, s.f.
Edición:6. ed.
Etiquetas: Agregar Etiqueta
Sin Etiquetas, Sea el primero en etiquetar este registro!
LEADER 00484nam a22001575a 4500
001 EUN.um048433
003 AR-BaUNS
005 20050623122916.0
008 041125ss.f.####sp############000#0#spa#d
245 1 3 |a El licenciado Vidriera y El coloquio de los perros /  |c Miguel de Cervantes Saavedra. 
260 |a Zaragoza :  |b Ebro,  |c s.f. 
300 |a 122 p. 
100 1 |a Cervantes Saavedra, Miguel de. 
082 0 4 |a 863.3 
250 |a 6. ed. 
859 |a Ar-BaUNS  |b BIB. CENTRAL - Sector C  |h 863.3  |i C337-1  |p 3141/962